| 000 | 01003nam0a2200265 4500 | ||
|---|---|---|---|
| 001 | RU\NLR\BIBL_A\011332394 | ||
| 005 | 20250626044048.0 | ||
| 010 |
_92000 _a5-8270-0207-0 |
||
| 035 | _a(NLR Aleph) 011332394 | ||
| 090 |
_a11141816 _c11141816 |
||
| 100 | _a20170220d1997 |||y0rusy50 ca | ||
| 101 | 0 | _ainh | |
| 102 | _aRU | ||
| 105 | _ay z 000 y | ||
| 200 | 1 |
_aДиктантийи изложенейи гуллам 5-7 класс _fС. Х. Куркиева |
|
| 210 |
_aСаратов _cДетская книга _d1997 |
||
| 215 |
_a267, [1] с. _d22 |
||
| 541 | 1 |
_aСборник диктантов и изложений на ингушском языке _zrus _eдля 5-7 классов |
|
| 606 | 1 |
_aИнгушский язык _xПреподавание _xСредняя школа _92176246 _3RU\NLR\auth-onl\66448 |
|
| 686 | 1 | _aЧ426.151 | |
| 700 | 1 |
_aКуркиева _bС. Х. _4070 |
|
| 852 |
_aNLR _bОНЛ _jИнгуш./3-574 |
||
| 942 | _cBOOK | ||
| 980 | _aNB | ||